Artists That Have Worked with Benny the Butcher - Statistics

General Stats
  • This quiz has been taken 18 times
    7 since last reset
  • The average score is 15 of 66
Answer Stats
Artist % Correct
Conway the Machine
100%
Westside Gunn
100%
Boldy James
86%
Freddie Gibbs
86%
Stove God Cooks
86%
The Alchemist
86%
J. Cole
71%
Lil Wayne
71%
Mach-Hommy
71%
Armani Caesar
57%
Jadakiss
57%
Rick Ross
57%
2 Chainz
43%
38 Spesh
43%
Black Thought
43%
Harry Fraud
43%
Heem
43%
Pusha T
43%
Fat Joe
29%
India
29%
Rick Hyde
29%
Snoop Dogg
29%
Busta Rhymes
14%
DJ Green Lantern
14%
Fabolous
14%
French Montana
14%
G Herbo
14%
Ghostface Killah
14%
Jay Electronica
14%
Leon Thomas
14%
Lloyd Banks
14%
Morray
14%
Queen Naija
14%
Royce Da 5'9
14%
Ace Hood
0%
Amber Simone
0%
Ashley Sorrell
0%
Belly
0%
Black Soprano Family
0%
Dark Lo
0%
Dave East
0%
Denzel Curry
0%
DMX
0%
Don Q
0%
iyla
0%
Jonezy
0%
Kapitol P
0%
Klass Murda
0%
KXNG Crooked
0%
Mari Vee
0%
Mary J. Blige
0%
Merkules
0%
Mick Jenkins
0%
Millyz
0%
Money Man
0%
Nasty C
0%
RJ Payne
0%
Russ
0%
Saigon
0%
Scar Lip
0%
Swizz Beatz
0%
The Lox
0%
T.I.
0%
Tobias
0%
Token
0%
Vado
0%
No matching quizzes found
Score Distribution
Percent of People with Each Score
Percentile by Number Answered
Your Score History
You have not taken this quiz since the last reset